Studies in Punjab history & culture / (Record no. 130660)
[ view plain ]
| 000 -LEADER | |
|---|---|
| fixed length control field | 00710nam a22002177a 4500 |
| 005 - DATE AND TIME OF LATEST TRANSACTION | |
| control field | 20170124110115.0 |
| 010 ## - LIBRARY OF CONGRESS CONTROL NUMBER | |
| LC control number | A-409864 |
| 020 ## - INTERNATIONAL STANDARD BOOK NUMBER | |
| Terms of availability | 195.00 |
| International Standard Book Number | 8185148295 |
| 035 ## - SYSTEM CONTROL NUMBER | |
| System control number | A-409864 |
| 037 ## - SOURCE OF ACQUISITION | |
| Source of stock number/acquisition | Cen Lib/Ret |
| 040 ## - CATALOGING SOURCE | |
| Original cataloging agency | DPL |
| Language of cataloging | EN |
| 082 ## - DEWEY DECIMAL CLASSIFICATION NUMBER | |
| Classification number | 954.12 |
| Item number | GUR |
| 100 ## - MAIN ENTRY--PERSONAL NAME | |
| Personal name | Gurcharan Singh |
| 9 (RLIN) | 29781 |
| 245 ## - TITLE STATEMENT | |
| Title | Studies in Punjab history & culture / |
| Statement of responsibility, etc | by Gurcharan Singh |
| 260 ## - PUBLICATION, DISTRIBUTION, ETC. (IMPRINT) | |
| Name of publisher, distributor, etc | Enkay Publishers |
| Place of publication, distribution, etc | New Delhi |
| Date of publication, distribution, etc | 1990 |
| 270 ## - ADDRESS | |
| Address | Enkay House, Malcha Marg Shopping Centre, Diplomatic Enclave |
| City | New Delhi |
| Postal code | 110024 |
| 300 ## - PHYSICAL DESCRIPTION | |
| Extent | 281p. |
| Dimensions | 21cm(Hb) |
| 650 ## - SUBJECT ADDED ENTRY--TOPICAL TERM | |
| Topical term or geographic name as entry element | Panjabi literature -- History and criticism |
| 9 (RLIN) | 24042 |
| 650 ## - SUBJECT ADDED ENTRY--TOPICAL TERM | |
| Topical term or geographic name as entry element | Sikhism -- History |
| 9 (RLIN) | 29782 |
| 942 ## - ADDED ENTRY ELEMENTS (KOHA) | |
| Source of classification or shelving scheme | Dewey Decimal Classification |
| Koha item type | English Books |
| Classification part | 954.12 |
| Call number suffix | GUR |
| Withdrawn status | Lost status | Damaged status | Not for loan | Home library | Current library | Date acquired | Source of acquisition | Cost, normal purchase price | Total Checkouts | Full call number | Barcode | Date last seen | Copy number | Cost, replacement price | Price effective from | Koha item type | Public note |
|---|---|---|---|---|---|---|---|---|---|---|---|---|---|---|---|---|---|
| Written off | Central Library | Central Library | 10/07/2015 | Cen Lib/Ret | 195.00 | 954.12 GUR | A-409864 | 10/07/2015 | 1 | 195.00 | 10/07/2015 | English Books | W/d List No. 8130/15; dtd 18.2.2017 |
